Welcome to the Holygrace Academy Library

Please use search bar below to get started

BUILD SELF CONFIDENCE (Record no. 5187)

MARC details
000 -LEADER
fixed length control field 00246nam a22001097a 4500
082 ## - DEWEY DECIMAL CLASSIFICATION NUMBER
Classification number 158
Item number ALA/B
100 ## - MAIN ENTRY--AUTHOR NAME
Personal name ALANKRITA
245 ## - TITLE STATEMENT
Title BUILD SELF CONFIDENCE
260 ## - PUBLICATION, DISTRIBUTION, ETC. (IMPRINT)
Place of publication DELHI
Name of publisher PUSTAK MAHAL
650 ## - SUBJECT ADDED ENTRY--TOPICAL TERM
Topical Term PERSONALITY DEVELOPMENT
Geographic subdivision DELHI
942 ## - ADDED ENTRY ELEMENTS (KOHA)
Koha item type Books
Holdings
Withdrawn status Lost status Collection code Home library Current library Shelving location Date acquired Source of acquisition Full call number Accession Number Koha item type
    Reference Main Library Main Library SHELF-17G-PERSONALITY DEVELOPMENT BOOKS 08/05/2012 PURCHASE 158 ALA/B 06070 Books